101 great tanks : legendary tanks from WWI to the present

Bibliographic Details
Other Authors: Jackson, Robert
Format: Book
Published: United Kingdom : Sandcastle Books Ltd. , 2008
Subjects:

MARC

LEADER 00000cam a2200000 7i4500
001 0000126601
005 20090304.0
020 |a 9781906020521 
090 0 0 |a 623.74752   |b HUN 
245 1 0 |a 101 great tanks :   |b legendary tanks from WWI to the present   |c General editor,Robert Jackson 
260 |a United Kingdom :   |b Sandcastle Books Ltd. ,   |c 2008 
300 |a 112p. ;   |c 26cm. 
650 0 0 |a Tanks (Military science) 
650 0 0 |a Tanks destroyers 
650 0 0 |a World War I, 1914-1918 
700 1 |a Jackson, Robert 
999 |a 00221642   |b BUKU   |c PINJAMAN   |e PERPUSTAKAAN KOMUNITI PETALING JAYA